[Event "Tournoi Skype 014B"]
[Site "Skype"]
[Date "????.??.??"]
[Round "5.5"]
[White "Bilsel, Sebahittin"]
[Black "Ramirez Reina, Orlando"]
[Result "0-1"]
[WhiteElo "1200"]
[BlackElo "1431"]
[PlyCount "72"]

1. e4 d6 2. d4 Nf6 3. Nc3 g6 4. Nf3 Bg7 5. Bc4 O-O 6. O-O c6 7. Re1 Bg4 8. Bf4
Bxf3 9. Qxf3 Nh5 10. Qd3 Nxf4 11. Qf3 Nh5 12. Rad1 Qc7 13. d5 Nf6 14. a3 b5 15.
Ba2 cxd5 16. exd5 a6 17. h3 Rc8 18. Rd3 Ne8 19. Rde3 Kf8 20. Qe4 Ra7 21. Rf3
Nf6 22. Qe3 Qc5 23. Qxc5 dxc5 24. Rfe3 Re8 25. d6 Rd7 26. Rd1 c4 27. b3 Rxd6
28. Rxd6 exd6 29. Rxe8+ Nxe8 30. bxc4 bxc4 31. Nd5 c3 32. Kf1 Nc6 33. Bb3 Ne7
34. Nb4 a5 35. Nd3 Nc7 36. a4 Na6 0-1

[Event "Tournoi Skype 014B"]
[Site "Skype"]
[Date "????.??.??"]
[Round "5.6"]
[White "Perrone, Gabriel Lorenzo"]
[Black "Hague, Mark"]
[Result "0-1"]
[WhiteElo "1408"]
[BlackElo "1367"]
[PlyCount "110"]

1. d4 d5 2. c4 c6 3. Nc3 Nf6 4. Nf3 e6 5. e3 Ne4 6. cxd5 exd5 7. Bd3 f5 8. O-O
g6 9. Re1 Bd6 10. Qc2 O-O 11. h3 Qc7 12. a3 Be6 13. b4 Nd7 14. Bb2 a6 15. Rac1
Ndf6 16. b5 axb5 17. Nxb5 Qe7 18. Nxd6 Qxd6 19. Nh2 Rae8 20. f3 Ng3 21. Bc3
Qxa3 22. Rb1 Rf7 23. Bb4 Qa8 24. Ra1 Qb8 25. Qa2 b5 26. Qa3 Rd7 27. Rec1 Rc8
28. Qa6 Qb7 29. Be1 Nfh5 30. Nf1 Nxf1 31. Kxf1 Qxa6 32. Rxa6 Rdc7 33. Bxb5 cxb5
34. Rxc7 Rxc7 35. Rxe6 f4 36. e4 dxe4 37. fxe4 Rb7 38. d5 b4 39. e5 b3 40. Bc3
Kf7 41. Bb2 Rd7 42. Rb6 Rxd5 43. Rxb3 Ke6 44. Rb6+ Kf5 45. e6 Rd8 46. e7 Re8
47. Ba3 Nf6 48. Kf2 Ng8 49. Kf3 Nxe7 50. Rb5+ Kf6 51. Kxf4 Nf5 52. g4 Nh4 53.
g5+ Kf7 54. Rb7+ Kg8 55. Kg4 Nf5 0-1

[Event "Tournoi Skype 014B"]
[Site "Skype"]
[Date "????.??.??"]
[Round "5.7"]
[White "Steenkamp, Brandt"]
[Black "Vincent, Andre"]
[Result "1/2-1/2"]
[WhiteElo "1403"]
[BlackElo "1353"]
[PlyCount "75"]

1. d4 d5 2. Nc3 Nf6 3. Bg5 Nbd7 4. f3 e6 5. e4 Be7 6. e5 h6 7. exf6 Nxf6 8. Be3
c6 9. Bd3 Bb4 10. Nge2 O-O 11. O-O b6 12. Qe1 c5 13. a3 Bxc3 14. Nxc3 c4 15.
Be2 a6 16. Qh4 Nh7 17. Qxd8 Rxd8 18. Bf4 b5 19. Bc7 Rd7 20. Ba5 f6 21. a4 Rb7
22. axb5 axb5 23. Bb4 Rba7 24. Rxa7 Rxa7 25. Rb1 Bd7 26. f4 f5 27. Bc5 Ra6 28.
b3 Nf6 29. bxc4 bxc4 30. Rb7 Ba4 31. Nxa4 Rxa4 32. Ra7 Rxa7 33. Bxa7 Ne4 34.
Bb8 Nc3 35. Kf2 Nxe2 36. Kxe2 Kf7 37. Bd6 g6 38. Kf3 1/2-1/2

[Event "Tournoi Skype 014B"]
[Site "Skype"]
[Date "????.??.??"]
[Round "5.8"]
[White "Porcabeuf, Jean-Marc"]
[Black "Sauvaget, Joel"]
[Result "1/2-1/2"]
[WhiteElo "1328"]
[BlackElo "1394"]
[PlyCount "60"]

1. d4 d5 2. c4 Nf6 3. Nc3 e6 4. a3 Be7 5. Nf3 Nc6 6. e3 Bd6 7. Bd3 h6 8. O-O
O-O 9. Re1 Ne7 10. cxd5 Nexd5 11. Nxd5 Nxd5 12. e4 Nb6 13. e5 Be7 14. Bc2 f5
15. exf6 Rxf6 16. Qd3 Bd7 17. Qh7+ Kf7 18. Bg6+ Rxg6 19. Re5 Qh8 20. Qxh8 Rxh8
21. Bd2 Rf8 22. Rae1 Nd5 23. Rh5 Nf6 24. Ne5+ Kg8 25. Rh3 Kh7 26. Nxg6 Kxg6 27.
Rg3+ Kf7 28. Re4 Nxe4 29. Rf3+ Kg8 30. Re3 Nxd2 1/2-1/2

[Event "Tournoi Skype 014B"]
[Site "Skype"]
[Date "????.??.??"]
[Round "5.9"]
[White "Raheja, Shiv"]
[Black "Gharbi, Said"]
[Result "0-1"]
[WhiteElo "1374"]
[BlackElo "1339"]
[PlyCount "50"]

1. e4 d5 2. e5 d4 3. Nf3 c5 4. Bc4 Bf5 5. Ng5 e6 6. Qh5 g6 7. Qd1 Qxg5 8. c3
Qxg2 9. Rf1 Bh3 10. cxd4 cxd4 11. Qb3 b6 12. Na3 Qe4+ 13. Be2 Bxf1 14. Qb5+ Nd7
15. Kd1 Bxe2+ 16. Qxe2 Qh1+ 17. Kc2 Rc8+ 18. Nc4 b5 19. b3 bxc4 20. bxc4 Qxh2
21. Bb2 Bc5 22. d3 Nxe5 23. Qe4 Qxf2+ 24. Kb3 Rb8+ 25. Ka4 Qc2+ 0-1

[Event "Tournoi Skype 014B"]
[Site "Skype"]
[Date "????.??.??"]
[Round "5.10"]
[White "Gerbaux, Regis"]
[Black "Tamditi, Ibrahim"]
[Result "0-1"]
[WhiteElo "1403"]
[BlackElo "1333"]
[PlyCount "42"]

1. d4 d5 2. c4 dxc4 3. Nc3 Nf6 4. e4 e5 5. Nf3 exd4 6. Nxd4 Bb4 7. Bxc4 Bxc3+
8. bxc3 Nxe4 9. Bxf7+ Kxf7 10. Qf3+ Qf6 11. Qxe4 Re8 12. Qxe8+ Kxe8 13. O-O c5
14. Re1+ Kf8 15. Ba3 b6 16. Nb5 Nc6 17. Nc7 Rb8 18. Re8+ Kf7 19. Rae1 Qxc3 20.
Bc1 Bd7 21. Rxb8 Qxe1# 0-1

[Event "Tournoi Skype 014B"]
[Site "Skype"]
[Date "????.??.??"]
[Round "5.11"]
[White "Vervoort, Jean-Louis"]
[Black "Armingaud, Jean-Claude"]
[Result "1-0"]
[WhiteElo "1292"]
[BlackElo "1135"]
[PlyCount "33"]

1. d4 d5 2. c4 e6 3. Nc3 Bb4 4. a3 Bxc3+ 5. bxc3 dxc4 6. e3 b5 7. Nf3 Nf6 8. a4
Ba6 9. Ba3 bxa4 10. Qxa4+ Qd7 11. Qa5 Qc6 12. Be2 Ne4 13. O-O Qb6 14. Qa4+ Nd7
15. Rab1 Qc6 16. Qxc6 Nxc3 17. Qxa8+ 1-0

[Event "Tournoi Skype 014B"]
[Site "Skype"]
[Date "????.??.??"]
[Round "5.12"]
[White "Kayali, Furkan"]
[Black "Farthouat, Titoine"]
[Result "0-1"]
[WhiteElo "1424"]
[BlackElo "1254"]
[PlyCount "40"]

1. e4 e6 2. d4 d5 3. exd5 exd5 4. c4 Nc6 5. c5 b6 6. b4 Qf6 7. Bb5 Bd7 8. Bxc6
Bxc6 9. Qe2+ Be7 10. Nf3 Qe6 11. Qxe6 fxe6 12. O-O bxc5 13. bxc5 Nf6 14. Bf4
Rc8 15. Re1 Ne4 16. Nbd2 O-O 17. g3 Bf6 18. Nxe4 dxe4 19. Nd2 Bxd4 20. Nxe4
Bxa1 0-1

[Event "Tournoi Skype 014B"]
[Site "Skype"]
[Date "????.??.??"]
[Round "5.13"]
[White "Milanese, Serge"]
[Black "Lequeux, Pierre"]
[Result "1-0"]
[WhiteElo "1424"]
[BlackElo "1199"]
[PlyCount "77"]

1. e4 e5 2. Nf3 Nf6 3. Bc4 d5 4. Bb3 dxe4 5. Nxe5 Be6 6. Bxe6 fxe6 7. Nc3 Qd6
8. d4 Nc6 9. Be3 Nxe5 10. dxe5 Qxd1+ 11. Rxd1 Bb4 12. exf6 Bxc3+ 13. bxc3 gxf6
14. Bh6 f5 15. Bf4 c5 16. c4 Rg8 17. g3 a6 18. O-O h5 19. h4 a5 20. Rd6 Ke7 21.
Rb1 Ra7 22. Rbb6 Kf7 23. Rxe6 Re8 24. Rf6+ Kg8 25. Be3 Re7 26. Rg6+ Rg7 27. Rh6
Ra8 28. Rxh5 a4 29. Rg5 Kh7 30. Rxf5 Ra5 31. Rg6 Rxg6 32. Bxc5 a3 33. Rf7+ Kh6
34. Be3+ Kh5 35. c5 Kg4 36. Kg2 Ra4 37. Re7 Rc6 38. Re5 Rc4 39. Rg5# 1-0

[Event "Tournoi Skype 014B"]
[Site "Skype"]
[Date "????.??.??"]
[Round "5.14"]
[White "Douichi, Mohammed"]
[Black "Hargez, Dany"]
[Result "0-1"]
[WhiteElo "1250"]
[BlackElo "1401"]
[PlyCount "56"]

1. e3 e5 2. c4 Nf6 3. Bd3 e4 4. Be2 c5 5. d3 d5 6. Nc3 Bf5 7. Nh3 d4 8. Qa4+
Nc6 9. Nxe4 Nxe4 10. dxe4 Bxe4 11. Qb5 Qc7 12. Bd2 b6 13. f3 Bf5 14. e4 Bd7 15.
O-O Bd6 16. g3 Bxg3 17. Bf4 Bxf4 18. Nxf4 Qxf4 19. Rfd1 Qe3+ 20. Kf1 O-O 21.
Rd3 Bh3+ 22. Ke1 Qg1+ 23. Bf1 Qxf1+ 24. Kd2 Qxa1 25. Qxc6 Qxb2+ 26. Kd1 Qxh2
27. Rd2 Qh1+ 28. Ke2 Qf1# 0-1

[Event "Tournoi Skype 014B"]
[Site "Skype"]
[Date "????.??.??"]
[Round "5.15"]
[White "Mantelli, Luca"]
[Black "Vello, Pablo"]
[Result "1-0"]
[WhiteElo "1239"]
[BlackElo "1393"]
[PlyCount "41"]

1. Nf3 d5 2. g3 Nf6 3. Bg2 Bf5 4. O-O e6 5. d3 Bc5 6. Nbd2 Bg4 7. h3 Bxf3 8.
Bxf3 Nc6 9. c3 a5 10. d4 Bd6 11. Re1 O-O 12. e4 dxe4 13. Nxe4 Nxe4 14. Bxe4 f5
15. Bg2 Qf6 16. d5 exd5 17. Bxd5+ Kh8 18. h4 Bc5 19. Qf3 Rfe8 20. Bg5 Qxg5 21.
hxg5 1-0

[Event "Tournoi Skype 014B"]
[Site "Skype"]
[Date "????.??.??"]
[Round "5.16"]
[White "Alverson, Ginny"]
[Black "Capdeville, Jean"]
[Result "0-1"]
[WhiteElo "1211"]
[BlackElo "1353"]
[PlyCount "108"]

1. Nf3 Nc6 2. d4 d5 3. e3 Bg4 4. Be2 Nf6 5. O-O h6 6. Nbd2 Bf5 7. Ne5 Nxe5 8.
dxe5 Ne4 9. Nxe4 Bxe4 10. Bb5+ c6 11. Ba4 b5 12. Bb3 e6 13. Qg4 Qg5 14. Qxg5
hxg5 15. f3 Bf5 16. Bd2 Be7 17. Rae1 g4 18. e4 dxe4 19. fxe4 Bg6 20. Rf4 f5 21.
exf6 gxf6 22. Rxg4 Kf7 23. Bf4 a5 24. e5 f5 25. Rg3 a4 26. Bxe6+ Kxe6 27. Rxg6+
Kf7 28. Rxc6 b4 29. e6+ Kf6 30. Rc7 Rhd8 31. Be5+ Kxe6 32. Bd4+ Kd5 33. Re5+
Kxd4 34. Rexe7 Re8 35. Red7+ Ke3 36. Rd3+ Ke2 37. Rf7 Rad8 38. Rxd8 Rxd8 39.
Re7+ Kd2 40. Kf2 Kxc2 41. Re2+ Rd2 42. Rxd2+ Kxd2 43. h4 Kc2 44. h5 Kxb2 45. h6
Kxa2 46. h7 b3 47. h8=Q b2 48. Qc3 b1=Q 49. Qc4+ Qb3 50. Qe2+ Qb2 51. Ke3 Qxe2+
52. Kxe2 Kb2 53. g3 a3 54. Kd3 a2 0-1

[Event "Tournoi Skype 014B"]
[Site "Skype"]
[Date "????.??.??"]
[Round "5.17"]
[White "Rugman, Dan"]
[Black "Cengiz, Cem"]
[Result "1-0"]
[WhiteElo "1340"]
[BlackElo "1210"]
[PlyCount "33"]

1. e4 e5 2. Nf3 Nc6 3. Bc4 Nf6 4. d3 h6 5. O-O Bc5 6. Nbd2 d6 7. Bb3 O-O 8. c3
Nh5 9. Nc4 Qf6 10. Be3 Qg6 11. Nh4 Qg4 12. Qxg4 Bxg4 13. f4 Bxe3+ 14. Nxe3 Nxf4
15. Nxg4 Nxd3 16. Ng6 Rfe8 17. Bxf7+ 1-0

[Event "Tournoi Skype 014B"]
[Site "Skype"]
[Date "????.??.??"]
[Round "5.18"]
[White "Farfallini, Michel"]
[Black "Melin, Christiane"]
[Result "1-0"]
[WhiteElo "1335"]
[BlackElo "1136"]
[PlyCount "39"]

1. e4 Nf6 2. Nc3 e5 3. Bc4 Bd6 4. Nf3 a6 5. O-O b5 6. Bb3 c5 7. Bd5 Ra7 8. d3
b4 9. Ng5 O-O 10. Ne2 Qe8 11. Bc4 Nc6 12. Ng3 h6 13. Nh3 a5 14. Nh5 g6 15.
Nxf6+ Kg7 16. Nxe8+ Rxe8 17. Qf3 Nd4 18. Qxf7+ Kh8 19. Bxh6 Re7 20. Qg8# 1-0

[Event "Tournoi Skype 014B"]
[Site "Skype"]
[Date "????.??.??"]
[Round "5.19"]
[White "Lecluyse, Koenraad"]
[Black "Martin, Jean-Claude"]
[Result "1-0"]
[WhiteElo "1199"]
[BlackElo "1333"]
[PlyCount "81"]

1. d4 d5 2. Nf3 Nf6 3. Bf4 e6 4. e3 c5 5. c3 cxd4 6. cxd4 Bb4+ 7. Nc3 Bxc3+ 8.
bxc3 O-O 9. Bd3 Nbd7 10. O-O Qa5 11. Qc2 h6 12. h3 a6 13. Ne5 Nh5 14. Nxd7 Bxd7
15. Be5 f6 16. Bd6 Rfc8 17. c4 Ba4 18. Qc1 g5 19. Rb1 Bc6 20. f4 Qd8 21. Bc5
dxc4 22. Bxc4 Bd5 23. Bb3 Bxb3 24. Rxb3 Ng3 25. Rf2 Ne4 26. Rf3 Nxc5 27. dxc5
Qd5 28. Qc2 Rxc5 29. Qg6+ Kh8 30. Qxh6+ Kg8 31. Qg6+ Kf8 32. Qxf6+ Kg8 33. Qg6+
Kh8 34. Rxb7 Qxb7 35. fxg5 Rc1+ 36. Kh2 Qc7+ 37. Rg3 Rg8 38. Qf6+ Kh7 39. h4
Rg6 40. Qf8 Rg8 41. Qh6# 1-0

[Event "Tournoi Skype 014B"]
[Site "Skype"]
[Date "????.??.??"]
[Round "5.20"]
[White "Rodriguez, Nathalie"]
[Black "Picard, Mario"]
[Result "1-0"]
[WhiteElo "1199"]
[BlackElo "1311"]
[PlyCount "81"]

1. e4 e5 2. Bc4 Bc5 3. d3 Nf6 4. Nf3 d6 5. Ng5 O-O 6. h3 c6 7. O-O d5 8. exd5
cxd5 9. Bb3 Bd7 10. Nf3 Re8 11. c3 e4 12. dxe4 dxe4 13. Nd4 Nc6 14. Nc2 e3 15.
Nxe3 Be6 16. Bc2 Qc7 17. Qf3 Rad8 18. b4 Ne5 19. Qe2 Rd6 20. bxc5 Qxc5 21. Ba3
Qb6 22. Bxd6 Qxd6 23. f4 Ng6 24. f5 Bxf5 25. Bxf5 Ne5 26. Nd2 g6 27. Bc2 Rd8
28. Rad1 Qa3 29. Bb3 Qe7 30. Nec4 Qc5+ 31. Kh1 Nc6 32. Rxf6 Qg5 33. Qf2 Rf8 34.
Nd6 Kg7 35. Rxf7+ Rxf7 36. Qxf7+ Kh6 37. Qf8+ Kh5 38. g4+ Kh4 39. Qf2+ Kxh3 40.
Qg2+ Kh4 41. Nf3# 1-0

[Event "Tournoi Skype 014B"]
[Site "Skype"]
[Date "????.??.??"]
[Round "5.21"]
[White "Karia, Kirti"]
[Black "Lemoine, Gerard"]
[Result "1-0"]
[WhiteElo "1267"]
[BlackElo "1135"]
[PlyCount "23"]

1. e4 e6 2. d4 d5 3. Nc3 c5 4. exd5 exd5 5. Nf3 Nc6 6. Bb5 Bd7 7. Bxc6 Bxc6 8.
O-O Ne7 9. dxc5 a6 10. Re1 Qa5 11. Nxd5 Qxc5 12. Nc7# 1-0

[Event "Tournoi Skype 014B"]
[Site "Skype"]
[Date "????.??.??"]
[Round "5.22"]
[White "Vitale, Maxi"]
[Black "Dubois, Real"]
[Result "1/2-1/2"]
[WhiteElo "1171"]
[BlackElo "1420"]
[PlyCount "144"]

1. e4 e5 2. Bc4 Nf6 3. Nc3 c6 4. Nf3 d6 5. Ng5 d5 6. exd5 cxd5 7. Bb5+ Bd7 8.
Bxd7+ Nbxd7 9. d4 Bd6 10. dxe5 Bxe5 11. f4 Bxc3+ 12. bxc3 O-O 13. Be3 Re8 14.
Qf3 Qa5 15. O-O Qxc3 16. Rae1 d4 17. Bf2 Qxf3 18. Nxf3 Re4 19. Bxd4 Rxf4 20.
Bxf6 Nxf6 21. Ne5 Rxf1+ 22. Rxf1 Re8 23. Re1 g6 24. h3 Nd5 25. Nf3 Rxe1+ 26.
Nxe1 Nc3 27. Kf2 Nxa2 28. Nd3 b6 29. Ke2 Nc3+ 30. Kd2 Ne4+ 31. Ke2 a5 32. Ke3
f5 33. Kd4 Kf8 34. Ne5 a4 35. Nd7+ Kf7 36. Ne5+ Ke6 37. Nc4 b5 38. Nb6 Ng3 39.
Kc5 a3 40. Kxb5 a2 41. c4 a1=Q 42. c5 Qb1+ 43. Kc6 Ne4 44. Nc4 Qb8 45. Nd6 Nxd6
46. cxd6 Qxd6+ 47. Kb5 Qc7 48. g4 fxg4 49. hxg4 Kd5 50. Kb4 Qc4+ 51. Ka5 Kd6
52. Kb6 Qd5 53. Ka6 Qc6+ 54. Ka5 Qb5+ 55. Kxb5 Ke6 56. Kc5 Ke7 57. Kd5 Kf6 58.
Ke4 Kg5 59. Kf3 h6 60. Kg3 h5 61. gxh5 Kxh5 62. Kh3 g5 63. Kg3 g4 64. Kf2 Kh4
65. Kg2 Kg5 66. Kg3 Kf5 67. Kg2 Kf4 68. Kf2 g3+ 69. Kg2 Kg4 70. Kg1 Kh3 71. Kh1
g2+ 72. Kg1 Kg3 1/2-1/2

[Event "Tournoi Skype 014B"]
[Site "Skype"]
[Date "????.??.??"]
[Round "5.24"]
[White "Paquay, Renaud"]
[Black "Amato, Ludovica"]
[Result "1-0"]
[WhiteElo "1135"]
[BlackElo "1250"]
[PlyCount "41"]

1. d4 d5 2. Nc3 Nf6 3. Nf3 Nc6 4. Bf4 Bg4 5. h3 Bf5 6. Nh4 e6 7. e3 Be7 8. Nb5
Rc8 9. c4 dxc4 10. Bxc4 Bb4+ 11. Nc3 h6 12. Qb3 g5 13. Nxf5 gxf4 14. Bxe6 fxe6
15. Qxe6+ Kf8 16. O-O fxe3 17. fxe3 Ba5 18. Ng3 Rg8 19. Rxf6+ Kg7 20. Nf5+ Kh8
21. Rxh6# 1-0

[Event "Tournoi Skype 014B"]
[Site "Skype"]
[Date "????.??.??"]
[Round "5.25"]
[White "Wible, Annie"]
[Black "Hernandez, George"]
[Result "0-1"]
[WhiteElo "1000"]
[BlackElo "1547"]
[PlyCount "56"]

1. e4 e5 2. c4 Nf6 3. Nc3 Nc6 4. Nf3 Bd6 5. d3 h6 6. Be2 O-O 7. O-O b6 8. Bd2
a6 9. b3 Re8 10. Re1 Bb7 11. Rb1 Nd4 12. Nd5 c6 13. Ne3 Nh5 14. g3 Bc7 15. Bc3
Qf6 16. Nd5 cxd5 17. exd5 Qg6 18. Nh4 Nxe2+ 19. Qxe2 Qg5 20. Bxe5 Rxe5 21. Qb2
Rxe1+ 22. Rxe1 Nf4 23. Nf3 Qg4 24. Nd2 Nxd3 25. Re3 Nxb2 26. Re4 Qd1+ 27. Kg2
Qxd2 28. Re8+ Rxe8 0-1

[Event "Tournoi Skype 014B"]
[Site "Skype"]
[Date "????.??.??"]
[Round "5.27"]
[White "Gieschen, Mike"]
[Black "Bustos, Ricardo"]
[Result "0-1"]
[WhiteElo "1457"]
[BlackElo "1081"]
[PlyCount "48"]

1. e4 c5 2. Nf3 d6 3. d4 cxd4 4. Nxd4 Nf6 5. Nc3 g6 6. Bb5+ Bd7 7. Bxd7+ Qxd7
8. O-O Bg7 9. Be3 Nc6 10. Nf3 O-O 11. h3 Rac8 12. Qd2 Rfe8 13. Bh6 Bh8 14. Ng5
Ne5 15. f4 Nc4 16. Qc1 Qc6 17. b3 Nb6 18. Qe3 Nbd7 19. e5 dxe5 20. fxe5 Nd5 21.
Nxd5 Qxd5 22. Rxf7 Qxe5 23. Qxe5 Nxe5 24. Rg7+ Bxg7 0-1

[Event "Tournoi Skype 014B"]
[Site "Skype"]
[Date "????.??.??"]
[Round "5.29"]
[White "Gabriele, Noel"]
[Black "Gagnon, Sindy"]
[Result "1-0"]
[WhiteElo "1347"]
[BlackElo "1046"]
[PlyCount "31"]

1. e4 e5 2. Bc4 Nf6 3. d3 Bc5 4. Nf3 d6 5. h3 Nc6 6. c3 Be6 7. Ng5 O-O 8. Nxe6
fxe6 9. Bxe6+ Kh8 10. O-O Re8 11. Bb3 Nh5 12. Qxh5 g6 13. Qh6 Qf6 14. Bg5 Qf7
15. Bxf7 Re7 16. Bf6# 1-0

[Event "Tournoi Skype 014B"]
[Site "Skype"]
[Date "????.??.??"]
[Round "5.30"]
[White "Baker, Abi"]
[Black "Farthouat, Catherine"]
[Result "0-1"]
[WhiteElo "1113"]
[BlackElo "1041"]
[PlyCount "65"]

1. c4 Nf6 2. Nc3 g6 3. g3 Bg7 4. Bg2 O-O 5. d4 e6 6. e4 Nc6 7. Nge2 d5 8. cxd5
Nb4 9. e5 Ng4 10. Ne4 exd5 11. Bg5 Qd7 12. h3 dxe4 13. hxg4 Qxg4 14. Bd2 Nd3+
15. Kf1 Qf5 16. Nf4 Rd8 17. Be3 h5 18. Qc2 c6 19. Rd1 Be6 20. Nxd3 exd3 21.
Rxd3 Rac8 22. b4 a6 23. a4 b5 24. a5 Bd5 25. f3 Bxf3 26. Bh3 Bg4+ 27. Bf4 Bxh3+
28. Kf2 h4 29. Qd2 Qg4 30. Rg1 Rd7 31. gxh4 Qxh4+ 32. Bg3 Qg4 33. Qf4 0-1

[Event "Tournoi Skype 014B"]
[Site "Skype"]
[Date "????.??.??"]
[Round "6.1"]
[White "Bendre, Pankaj"]
[Black "Prasad Singh, Ambika"]
[Result "0-1"]
[WhiteElo "1399"]
[BlackElo "1444"]
[PlyCount "64"]

1. e4 c5 2. Nf3 Nc6 3. d4 cxd4 4. Nxd4 d6 5. Nc3 Nf6 6. Be3 Ng4 7. Bc1 Bd7 8.
Be2 Nge5 9. Be3 a6 10. Qd2 b5 11. f4 Nc4 12. Bxc4 bxc4 13. O-O-O e6 14. h3 Be7
15. Kb1 Qb8 16. Qe2 Na5 17. g4 e5 18. Nf3 Bc6 19. Nd2 Qb7 20. Nxc4 Bb5 21.
Nxd6+ Bxd6 22. Nxb5 axb5 23. Rxd6 Nc4 24. Rd5 O-O 25. fxe5 Rfe8 26. Bf4 Qa6 27.
c3 b4 28. Qc2 Qxa2+ 29. Kc1 bxc3 30. bxc3 Qa1+ 31. Qb1 Qxc3+ 32. Qc2 Ra1# 0-1

[Event "Tournoi Skype 014B"]
[Site "Skype"]
[Date "????.??.??"]
[Round "6.2"]
[White "Tripathi, Rajnikant"]
[Black "Kruzeniski, Randy"]
[Result "1/2-1/2"]
[WhiteElo "1399"]
[BlackElo "1436"]
[PlyCount "69"]

1. d4 d5 2. e4 dxe4 3. Nc3 Nf6 4. f3 exf3 5. Qxf3 e6 6. a3 Qxd4 7. Be3 Qg4 8.
Qf2 Nc6 9. h3 Qf5 10. Bd3 Qxf2+ 11. Bxf2 a6 12. Nf3 h6 13. O-O-O Bd6 14. Rhe1
O-O 15. Ne4 Nxe4 16. Rxe4 f5 17. Re2 b5 18. Rde1 Re8 19. Bxf5 Bf4+ 20. Kb1 e5
21. Bxc8 Raxc8 22. Be3 Bg3 23. Bf2 Bxf2 24. Rxf2 Re6 25. Rfe2 Rce8 26. Re4 Kf7
27. Rf1 Rf6 28. Rfe1 Rf5 29. R1e2 Kf6 30. Nh4 Rf1+ 31. Ka2 Nd4 32. Rd2 g5 33.
Rdxd4 gxh4 34. Rd2 c5 35. Rxh4 1/2-1/2

[Event "Tournoi Skype 014B"]
[Site "Skype"]
[Date "????.??.??"]
[Round "6.3"]
[White "Ramirez Reina, Orlando"]
[Black "Yeter, Orhan"]
[Result "0-1"]
[WhiteElo "1431"]
[BlackElo "1332"]
[PlyCount "88"]

1. e4 e5 2. Nf3 Nc6 3. Bc4 h6 4. d3 Nf6 5. O-O Bc5 6. c3 O-O 7. Re1 a6 8. d4
exd4 9. cxd4 Ba7 10. e5 Ne8 11. a3 b5 12. Ba2 d5 13. b4 Bg4 14. Nc3 Bxf3 15.
Qxf3 Nxd4 16. Qd1 c6 17. Be3 Qh4 18. Rc1 Ne6 19. g3 Qd8 20. Bxa7 Rxa7 21. Nb1
Qb6 22. Kg2 f6 23. Qd2 Raf7 24. exf6 Nxf6 25. Rxe6 Ng4 26. f4 Rf6 27. Rce1 Rxe6
28. Rxe6 Nf6 29. Nc3 Kh8 30. Qf2 Qd8 31. Rxc6 Qa8 32. Qd4 Qxc6 33. Bxd5 Nxd5
34. Nxd5 Rd8 35. Qc5 Qxd5+ 36. Qxd5 Rxd5 37. h4 Rd3 38. g4 Rxa3 39. g5 h5 40.
f5 Rb3 41. f6 gxf6 42. gxf6 Rxb4 43. f7 Kg7 44. f8=Q+ Kxf8 0-1

[Event "Tournoi Skype 014B"]
[Site "Skype"]
[Date "????.??.??"]
[Round "6.4"]
[White "Tamditi, Ibrahim"]
[Black "Gharbi, Said"]
[Result "1-0"]
[WhiteElo "1333"]
[BlackElo "1339"]
[PlyCount "55"]

1. e4 e5 2. Nf3 Nc6 3. Bc4 Nf6 4. Nc3 d6 5. O-O Bg4 6. h3 Bxf3 7. Qxf3 Nd4 8.
Qd1 Be7 9. Nd5 Nxe4 10. Nxe7 Qxe7 11. Bd5 Nc5 12. c3 Nf5 13. d4 c6 14. Be4 Nxe4
15. Qf3 Nxd4 16. Qxe4 Ne6 17. Qg4 h6 18. Rd1 Rd8 19. Be3 a6 20. Rd3 O-O 21.
Bxh6 Rfe8 22. Rad1 g5 23. h4 f6 24. hxg5 fxg5 25. Rg3 Qh7 26. Bxg5 Nxg5 27.
Qxg5+ Kh8 28. Qf6+ 1-0

[Event "Tournoi Skype 014B"]
[Site "Skype"]
[Date "????.??.??"]
[Round "6.5"]
[White "Hague, Mark"]
[Black "Steenkamp, Brandt"]
[Result "0-1"]
[WhiteElo "1367"]
[BlackElo "1403"]
[PlyCount "78"]

1. d4 c5 2. d5 e5 3. dxe6 fxe6 4. e4 Nc6 5. Qh5+ g6 6. Qd1 d5 7. exd5 exd5 8.
Bb5 Nge7 9. Nf3 a6 10. Bxc6+ bxc6 11. O-O Bg7 12. c3 h6 13. Be3 d4 14. cxd4 Bg4
15. Qb3 Bxf3 16. gxf3 cxd4 17. Rd1 Qb8 18. Bxd4 Qxb3 19. axb3 Rd8 20. Ra4 c5
21. Rxa6 Bxd4 22. Re1 Rf8 23. Rae6 Rd7 24. Nc3 Rxf3 25. R1e2 Kf7 26. R6e4 Bxc3
27. bxc3 Rxc3 28. Rc4 Rxc4 29. bxc4 Rd4 30. Rc2 Nc6 31. f3 Ne5 32. Kf2 Ke6 33.
Ke3 Kf5 34. Rd2 Nxc4+ 35. Ke2 Rxd2+ 36. Ke1 Kf4 37. h4 Kxf3 38. h5 gxh5 39. Kf1
Rd1# 0-1

[Event "Tournoi Skype 014B"]
[Site "Skype"]
[Date "????.??.??"]
[Round "6.6"]
[White "Talbot, Jacques"]
[Black "Porcabeuf, Jean-Marc"]
[Result "0-1"]
[WhiteElo "1475"]
[BlackElo "1328"]
[PlyCount "60"]

1. d4 d5 2. c4 e6 3. Nc3 Nf6 4. Bg5 Bd6 5. cxd5 exd5 6. Nxd5 c6 7. Nxf6+ gxf6
8. Bd2 O-O 9. e4 Qc7 10. Nf3 Nd7 11. Bd3 Kh8 12. O-O Rg8 13. Kh1 Nf8 14. h3 Ng6
15. Rc1 Bd7 16. Re1 Qc8 17. Bf1 Nf4 18. Bxf4 Bxf4 19. Rc2 Rg6 20. Nh4 Rh6 21.
Nf3 Bxh3 22. Kg1 Bg4 23. Qd3 Qc7 24. e5 fxe5 25. Nxe5 Bh2+ 26. Kh1 Bxe5+ 27.
Kg1 Bh2+ 28. Kh1 Rg8 29. d5 Bg1+ 30. Kxg1 Qh2# 0-1

[Event "Tournoi Skype 014B"]
[Site "Skype"]
[Date "????.??.??"]
[Round "6.7"]
[White "Vincent, Andre"]
[Black "Cossalter, Maurizio"]
[Result "0-1"]
[WhiteElo "1353"]
[BlackElo "1459"]
[PlyCount "88"]

1. d4 Nf6 2. c4 c5 3. e3 g6 4. Nc3 d6 5. Nf3 Bg7 6. Be2 O-O 7. O-O e6 8. Qc2
Nbd7 9. b3 b6 10. Bb2 Bb7 11. e4 Rc8 12. Rad1 Ne8 13. Nb5 a6 14. Nc3 Nc7 15. d5
exd5 16. Nxd5 Bxb2 17. Qxb2 Nxd5 18. exd5 Qf6 19. Qxf6 Nxf6 20. Nh4 Ne4 21. Rd3
Rce8 22. Bg4 f5 23. Bh3 Bc8 24. f4 Rf6 25. g4 fxg4 26. Bg2 g5 27. Bxe4 gxh4 28.
Re3 Re7 29. Bxh7+ Rxh7 30. Re8+ Rf8 31. Rfe1 Rhf7 32. R1e7 Rxe7 33. Rxe7 Rxf4
34. Re8+ Rf8 35. Rxf8+ Kxf8 36. Kg2 Kf7 37. Kf2 Kf6 38. a3 Kf5 39. Ke3 Bd7 40.
a4 a5 41. Kf2 Kf4 42. Kg2 Ke3 43. Kf1 Kd3 44. Ke1 Kc3 0-1

[Event "Tournoi Skype 014B"]
[Site "Skype"]
[Date "????.??.??"]
[Round "6.8"]
[White "Sauvaget, Joel"]
[Black "Vervoort, Jean-Louis"]
[Result "1-0"]
[WhiteElo "1394"]
[BlackElo "1292"]
[PlyCount "55"]

1. d4 d5 2. Nf3 Nf6 3. e3 c5 4. Be2 e6 5. c3 Nc6 6. Nbd2 Bd6 7. O-O O-O 8. Qc2
b5 9. a3 Ba6 10. b4 c4 11. e4 dxe4 12. Nxe4 Nxe4 13. Qxe4 Qc7 14. h3 Rae8 15.
Ng5 g6 16. Nf3 e5 17. Bh6 exd4 18. Qc2 dxc3 19. Bxf8 Bxf8 20. Rad1 Bd6 21. Rfe1
Rd8 22. Qxc3 Bb7 23. Bf1 Ne7 24. Rd2 Bxf3 25. gxf3 Nf5 26. Rde2 Bh2+ 27. Kh1
Rd3 28. Re8# 1-0

[Event "Tournoi Skype 014B"]
[Site "Skype"]
[Date "????.??.??"]
[Round "6.9"]
[White "De Coninck, Philippe"]
[Black "Farfallini, Michel"]
[Result "1-0"]
[WhiteElo "1452"]
[BlackElo "1335"]
[PlyCount "33"]

1. e4 e5 2. f4 exf4 3. Nf3 Bc5 4. Bc4 Nf6 5. d3 Ng4 6. d4 Bb6 7. Bxf4 Nc6 8. c3
d6 9. Ng5 Nh6 10. O-O Qe7 11. h3 f6 12. Qh5+ g6 13. Qxh6 fxg5 14. Bxg5 Qe5 15.
Bf6 Qxe4 16. Bxh8 Bf5 17. Nd2 1-0

[Event "Tournoi Skype 014B"]
[Site "Skype"]
[Date "????.??.??"]
[Round "6.10"]
[White "Milanese, Serge"]
[Black "Karia, Kirti"]
[Result "0-1"]
[WhiteElo "1424"]
[BlackElo "1267"]
[PlyCount "62"]

1. e4 e5 2. Nf3 Nc6 3. Bb5 a6 4. Ba4 Nf6 5. O-O Nxe4 6. d3 Nc5 7. Bxc6 bxc6 8.
Nxe5 Bd6 9. Re1 O-O 10. Bf4 f6 11. Nc3 fxe5 12. Ne4 Rxf4 13. Nxd6 cxd6 14. c3
Qf6 15. b4 Ne6 16. Qb3 Rxf2 17. d4 exd4 18. cxd4 Qxd4 19. Qe3 Qxe3 20. Rxe3 Rb2
21. a3 Bb7 22. h4 Rf8 23. Rf3 Rxf3 24. gxf3 Nd4 25. Rd1 Nxf3+ 26. Kf1 c5 27. h5
cxb4 28. a4 a5 29. Rxd6 Bc6 30. Rd3 Ra2 31. Re3 Kf7 0-1